[Event "SR 2. liga A 2015/2016"]
[Site "?"]
[Date "2016.03.13"]
[Round "11.1"]
[White "Zacka, Ladislav"]
[Black "Kostolansky, Sebastian Lukas"]
[Result "0-1"]
[WhiteElo "1746"]
[BlackElo "1938"]
[PlyCount "76"]
[EventDate "2015.??.??"]

1. d4 Nf6 2. Nf3 g6 3. g3 Bg7 4. Bg2 O-O 5. O-O d5 6. Nbd2 b6 7. e3 Bb7 8. b3
e6 9. Bb2 Qe7 10. Ne5 Nbd7 11. Ndf3 c5 12. Qe2 Rac8 13. Rfc1 c4 14. bxc4 dxc4
15. c3 Rc7 16. a4 Rfc8 17. Ba3 Bxf3 18. Bxf3 Qd8 19. Bd6 Nxe5 20. dxe5 Ne8 21.
Bxc7 Qxc7 22. Qc2 Qxe5 23. Qe4 Qxe4 24. Bxe4 Nf6 25. Bf3 Nd7 26. Be2 Kf8 27.
Ra2 Ke7 28. Rd2 Nc5 29. Bxc4 Nxa4 30. Bb5 Nxc3 31. Rcc2 Rc7 32. Bf1 b5 33. Bg2
a5 34. Kf1 b4 35. Rb2 Rc4 36. Rdc2 a4 37. Ke1 b3 38. Rc1 Rb4 0-1

[Event "SR 2. liga A 2015/2016"]
[Site "?"]
[Date "2016.03.13"]
[Round "11.2"]
[White "Janos, Ivan"]
[Black "Janos, Jozef"]
[Result "1/2-1/2"]
[WhiteElo "2045"]
[BlackElo "2145"]
[PlyCount "21"]
[EventDate "2015.??.??"]

1. e4 c5 2. Nf3 d6 3. d4 cxd4 4. Nxd4 Nf6 5. Nc3 a6 6. Be2 e6 7. O-O Be7 8. a4
O-O 9. Be3 Qc7 10. f4 Nbd7 11. Qe1 1/2-1/2

[Event "SR 2. liga A 2015/2016"]
[Site "?"]
[Date "2016.03.13"]
[Round "11.2"]
[White "Mikulas, Dusan"]
[Black "Michal, Silvio"]
[Result "1/2-1/2"]
[WhiteElo "2065"]
[BlackElo "2103"]
[PlyCount "23"]
[EventDate "2015.??.??"]

1. d4 d5 2. Nf3 Nf6 3. c4 e6 4. Bg5 Be7 5. Nc3 O-O 6. e3 Nbd7 7. cxd5 Nxd5 8.
Bxe7 Qxe7 9. Nxd5 exd5 10. Bd3 Qb4+ 11. Qd2 Qxd2+ 12. Kxd2 1/2-1/2

[Event "SR 2. liga A 2015/2016"]
[Site "?"]
[Date "2016.03.13"]
[Round "11.2"]
[White "Gazi, Mikulas"]
[Black "Novacek, Vladimir"]
[Result "1/2-1/2"]
[WhiteElo "2044"]
[BlackElo "2045"]
[PlyCount "26"]
[EventDate "2015.??.??"]

1. e4 g6 2. d4 Bg7 3. Bc4 d6 4. Be3 Nc6 5. Qd2 e5 6. Ne2 a6 7. O-O exd4 8. Nxd4
Nxd4 9. Bxd4 Bxd4 10. Qxd4 Qf6 11. Qxf6 Nxf6 12. Nc3 Be6 13. Bxe6 fxe6 1/2-1/2

[Event "SR 2. liga A 2015/2016"]
[Site "?"]
[Date "2016.03.13"]
[Round "11.2"]
[White "Kuna, Vladimir"]
[Black "Hulla, Stanislav"]
[Result "1/2-1/2"]
[WhiteElo "2012"]
[BlackElo "1921"]
[PlyCount "28"]
[EventDate "2015.??.??"]

1. d4 d5 2. Nf3 Nf6 3. c4 e6 4. Nc3 Nbd7 5. Bg5 c6 6. e3 Qa5 7. Bxf6 Nxf6 8. a3
g6 9. Bd3 Bg7 10. O-O O-O 11. Qc2 Nd7 12. b4 Qd8 13. Rab1 dxc4 14. Bxc4 e5
1/2-1/2

[Event "SR 2. liga A 2015/2016"]
[Site "?"]
[Date "2016.03.13"]
[Round "11.2"]
[White "Badura, Peter"]
[Black "Hecht, Tomas"]
[Result "1/2-1/2"]
[WhiteElo "1900"]
[BlackElo "1990"]
[PlyCount "20"]
[EventDate "2015.??.??"]

1. e4 c5 2. Nf3 Nc6 3. c3 d5 4. exd5 Qxd5 5. Na3 Bg4 6. Be2 e5 7. d3 Nf6 8. O-O
Be7 9. Bg5 O-O 10. h3 Bh5 1/2-1/2

[Event "SR 2. liga A 2015/2016"]
[Site "?"]
[Date "2016.03.13"]
[Round "11.2"]
[White "Zetocha, Adrian"]
[Black "Mrkvik, Jan"]
[Result "1-0"]
[WhiteElo "1833"]
[BlackElo "1842"]
[PlyCount "31"]
[EventDate "2015.??.??"]

1. d4 e6 2. Nf3 d5 3. c4 Nf6 4. Nc3 c5 5. e3 Nc6 6. Be2 Be7 7. O-O Qb6 8. cxd5
exd5 9. Na4 Qc7 10. Nxc5 O-O 11. Bd2 Be6 12. Rc1 Bxc5 13. Rxc5 Bg4 14. Ne5 Bxe2
15. Qxe2 b6 16. Rxc6 1-0

[Event "SR 2. liga A 2015/2016"]
[Site "?"]
[Date "2016.03.13"]
[Round "11.3"]
[White "Sosna, Jan"]
[Black "Balogh, Peter"]
[Result "1-0"]
[WhiteElo "2348"]
[BlackElo "2158"]
[PlyCount "69"]
[EventDate "2015.??.??"]

1. d4 e6 2. Nf3 c5 3. e3 Nf6 4. Bd3 d5 5. c3 Nc6 6. Nbd2 Bd6 7. O-O O-O 8. dxc5
Bxc5 9. e4 e5 10. h3 h6 11. Qc2 Re8 12. exd5 Nxd5 13. Nb3 Bb6 14. Rd1 Nf6 15.
Bh7+ Nxh7 16. Rxd8 Rxd8 17. Be3 Be6 18. Re1 Bc7 19. Nc5 Bc8 20. Rd1 b6 21.
Rxd8+ Nxd8 22. Na4 Nf6 23. c4 Bb7 24. Nc3 Ne6 25. Nb5 Re8 26. Nxc7 Nxc7 27. Qa4
Ba6 28. Qc6 Rc8 29. Nxe5 Nb5 30. Qf3 Nd6 31. b3 Bb7 32. Qd1 Nde4 33. f3 Nc5 34.
Bxc5 bxc5 35. Qd6 1-0

[Event "SR 2. liga A 2015/2016"]
[Site "?"]
[Date "2016.03.13"]
[Round "11.3"]
[White "Takacs, Laszlo"]
[Black "Stanec, Stanislav"]
[Result "1/2-1/2"]
[WhiteElo "2192"]
[BlackElo "2106"]
[PlyCount "112"]
[EventDate "2015.??.??"]

1. e4 c5 2. c4 d6 3. Nf3 Nc6 4. d4 cxd4 5. Nxd4 Nf6 6. Nc3 g6 7. Be2 Bg7 8. Be3
O-O 9. O-O Nxd4 10. Bxd4 Be6 11. Rc1 Qd7 12. b3 Rfd8 13. Qc2 Ne8 14. Bxg7 Nxg7
15. Rcd1 Qc7 16. Nb5 Qc5 17. Nd4 Bd7 18. Kh1 Ne6 19. Nxe6 Bxe6 20. f4 f6 21.
Bf3 Rab8 22. Qb2 b6 23. Rde1 Rd7 24. h4 b5 25. cxb5 Qxb5 26. Rc1 Qb4 27. Rfd1
Qb6 28. Qd4 a5 29. Rc8+ Kg7 30. Qxb6 Rxb6 31. Ra8 Rb5 32. Rc1 d5 33. e5 fxe5
34. fxe5 d4 35. Re1 Bd5 36. e6 Rc7 37. Rd8 Bxf3 38. gxf3 Rc2 39. Rxd4 Rxa2 40.
Rd7 Kf6 41. Rd8 Re5 42. Rf8+ Kxe6 43. Rxe5+ Kxe5 44. Rf7 Ke6 45. Rxh7 Rb2 46.
Rh6 Kf7 47. h5 gxh5 48. Rxh5 Rxb3 49. Rxa5 Rxf3 50. Kg2 Rb3 51. Kf2 Kf6 52. Ke2
e5 53. Rd5 Kf5 54. Rc5 Rb2+ 55. Ke3 Rg2 56. Ra5 Rg3+ 1/2-1/2

[Event "SR 2. liga A 2015/2016"]
[Site "?"]
[Date "2016.03.13"]
[Round "11.3"]
[White "Kapusta, Petr"]
[Black "Cibulka, Vladimir"]
[Result "0-1"]
[WhiteElo "2157"]
[BlackElo "2147"]
[PlyCount "128"]
[EventDate "2015.??.??"]

1. e4 e6 2. d4 d5 3. Nd2 Nc6 4. c3 g6 5. e5 Bg7 6. Bd3 f6 7. exf6 Nxf6 8. Ndf3
Qe7 9. Ne2 e5 10. dxe5 Nxe5 11. Nxe5 Qxe5 12. Be3 O-O 13. Qc2 Ne4 14. Bxe4 Qxe4
15. Qxe4 dxe4 16. O-O-O a6 17. Ng3 Bg4 18. Rd2 Rad8 19. Re1 Rd7 20. Kc2 Rfd8
21. Rxd7 Bxd7 22. Bd2 Bc6 23. Bg5 Rf8 24. Be3 b6 25. Rd1 Be5 26. Nf1 Kg7 27.
Kd2 Rd8+ 28. Ke1 Rxd1+ 29. Kxd1 Bd5 30. a3 Kf6 31. Bd4 c5 32. Bxe5+ Kxe5 33.
Kd2 Kf4 34. Ne3 Be6 35. c4 g5 36. Kc3 Ke5 37. b4 Kd6 38. Nf1 Ke5 39. Nd2 h5 40.
Nf1 h4 41. Ne3 Kd6 42. Nd1 Ke5 43. Nb2 Bd7 44. Nd1 Be6 45. bxc5 bxc5 46. Ne3
Kd6 47. Kb3 Ke5 48. Nc2 Bd7 49. a4 a5 50. Kc3 Bg4 51. Ne3 Be2 52. Kb3 Kd4 53.
Nf5+ Kd3 54. Nd6 Bd1+ 55. Ka3 g4 56. g3 h3 57. Nb7 Kxc4 58. Nxa5+ Kd3 59. Nb7
e3 60. fxe3 Kxe3 61. Kb2 Bf3 62. Nxc5 Kf2 63. Kc1 Kg2 64. Kd2 Kxh2 0-1

[Event "SR 2. liga A 2015/2016"]
[Site "?"]
[Date "2016.03.13"]
[Round "11.3"]
[White "Kalmar, Tamas"]
[Black "Hudacek, Josef"]
[Result "1-0"]
[WhiteElo "2044"]
[BlackElo "2058"]
[PlyCount "189"]
[EventDate "2015.??.??"]

1. d4 Nf6 2. Nf3 g6 3. g3 Bg7 4. Bg2 O-O 5. O-O d5 6. c4 c6 7. cxd5 Nxd5 8. Bd2
h6 9. Nc3 Nb6 10. e3 N8d7 11. Ne2 Nf6 12. Nf4 g5 13. Nd3 Ne4 14. Bb4 a5 15. Be1
Bf5 16. Rc1 Nd7 17. Qe2 Qb6 18. Nd2 Nd6 19. b3 e5 20. Nxe5 Bxe5 21. dxe5 Nxe5
22. e4 Bg4 23. Nf3 Rfe8 24. Bc3 Nxf3+ 25. Bxf3 Bxf3 26. Qxf3 Nxe4 27. Bb2 c5
28. Rfe1 Qg6 29. Re3 Re6 30. Rce1 Rae8 31. Qe2 b6 32. Kg2 Nd6 33. Qd2 Rxe3 34.
Rxe3 Rxe3 35. Qxe3 Qe4+ 36. Qxe4 Nxe4 37. Kf3 Nd6 38. Be5 Ne8 39. Ke4 f6 40.
Bb8 b5 41. Kd5 c4 42. bxc4 bxc4 43. Kxc4 Kf7 44. Kb5 a4 45. Kxa4 Ke7 46. Kb5
Kd7 47. g4 Ng7 48. Kc5 f5 49. Kd5 fxg4 50. Ke5 Ne6 51. Kf5 h5 52. Be5 Nc5 53.
Bd4 Ne6 54. Be3 Kd6 55. Bxg5 Nd4+ 56. Kg6 Ke6 57. Kxh5 Kf5 58. Bh4 Nc2 59. Bg3
Nb4 60. a4 Na6 61. Bd6 Ke6 62. Ba3 Kf5 63. a5 Kf4 64. Bd6+ Kf5 65. Kh6 Ke6 66.
Ba3 Kf6 67. Bb2+ Kf5 68. Ba3 Kf6 69. Bd6 Ke6 70. Bg3 Kf6 71. Kh7 Kf7 72. Bd6
Ke6 73. Bf8 Kf7 74. Bg7 Nc7 75. Kh6 Na6 76. Bd4 Nc7 77. Kh5 Nb5 78. Bb2 Nd6 79.
a6 Nc4 80. a7 Nb6 81. Bd4 Na8 82. Kxg4 Kg6 83. h4 Nc7 84. h5+ Kh7 85. f4 Kh6
86. Be5 Na8 87. Bf6 Kh7 88. Bd8 Kg7 89. Kf5 Kh6 90. Ke6 Kg7 91. f5 Kh6 92. f6
Kh7 93. Ke7 Kh6 94. f7 Kh7 95. f8=Q 1-0

[Event "SR 2. liga A 2015/2016"]
[Site "?"]
[Date "2016.03.13"]
[Round "11.3"]
[White "Vepy, Ivan"]
[Black "Ivan, Imrich Ml"]
[Result "1-0"]
[WhiteElo "1919"]
[BlackElo "2008"]
[PlyCount "105"]
[EventDate "2015.??.??"]

1. e4 e6 2. d4 d5 3. exd5 exd5 4. Nf3 Nf6 5. h3 h6 6. Bd3 Bd6 7. O-O O-O 8. Be3
Be6 9. Nbd2 Nbd7 10. Rc1 c6 11. c3 Qc7 12. Bb1 Bf4 13. Re1 Rfe8 14. Ne5 Bxe3
15. Rxe3 Nxe5 16. dxe5 Nd7 17. f4 Qb6 18. Nf1 f5 19. Kh2 Qxb2 20. Rc2 Qb6 21.
Rg3 Nc5 22. Nd2 Ne4 23. Nxe4 dxe4 24. Rd2 Red8 25. Rxd8+ Qxd8 26. Qh5 Kf8 27.
Qg6 Qe7 28. Bc2 Qf7 29. Qh7 Rd8 30. Bb3 Bxb3 31. axb3 Re8 32. c4 c5 33. Re3 Re6
34. g4 fxg4 35. Qxe4 gxh3 36. f5 Ra6 37. Re2 Ra3 38. Rd2 Qc7 39. Rd3 Ra2+ 40.
Kxh3 Kg8 41. Rd6 Qc8 42. Qd3 Kh7 43. Rd7 h5 44. Qd6 Ra6 45. Qe7 Qg8 46. Qg5 Rh6
47. Rxb7 Kh8 48. Rd7 Kh7 49. Rxa7 Rb6 50. Kh4 Rh6 51. Rd7 Qf8 52. f6 Rg6 53.
Qf5 1-0

[Event "SR 2. liga A 2015/2016"]
[Site "?"]
[Date "2016.03.13"]
[Round "11.3"]
[White "Vegh, Vince"]
[Black "Vogl, Zdenek"]
[Result "0-1"]
[WhiteElo "1955"]
[BlackElo "1918"]
[PlyCount "96"]
[EventDate "2015.??.??"]

1. e4 e5 2. Nf3 Nc6 3. Bb5 a6 4. Ba4 Nf6 5. O-O b5 6. Bb3 Be7 7. Re1 O-O 8. c3
d6 9. h3 Na5 10. Bc2 c5 11. d3 Bb7 12. Nbd2 Re8 13. Nf1 Bf8 14. Ng3 g6 15. Bg5
h6 16. Bd2 Bg7 17. a4 Qc7 18. Rc1 Qd7 19. d4 Nc4 20. b3 Nxd2 21. Qxd2 Qe7 22.
Bd3 Bc6 23. Qa2 Qb7 24. d5 Bd7 25. Ra1 Nh7 26. Qc2 Ng5 27. Nxg5 hxg5 28. Ra2 b4
29. cxb4 Qxb4 30. Bc4 Qxe1+ 31. Kh2 Bf6 32. Qd3 Qa5 33. Nf1 Kg7 34. Qf3 Rh8 35.
Ne3 Qc7 36. Rc2 Qc8 37. Kg1 Rh4 38. Bf1 g4 39. Qg3 gxh3 40. Nc4 Qb8 41. Ne3 Qh8
42. f3 Rb8 43. Nc4 h2+ 44. Kh1 Rxb3 45. Nxd6 Rb1 46. Qf2 Qb8 47. Nc4 Qb3 48.
Ne3 Qxe3 0-1

[Event "SR 2. liga A 2015/2016"]
[Site "?"]
[Date "2016.03.13"]
[Round "11.3"]
[White "Hrubsa, Marian"]
[Black "Darazs, Zoltan"]
[Result "1-0"]
[WhiteElo "1810"]
[BlackElo "2164"]
[PlyCount "67"]
[EventDate "2015.??.??"]

1. e4 c5 2. Nf3 Nc6 3. d4 cxd4 4. Nxd4 Nf6 5. Nc3 e5 6. Ndb5 d6 7. Bg5 a6 8.
Na3 b5 9. Nd5 Be7 10. Bxf6 Bxf6 11. Nxf6+ Qxf6 12. c4 b4 13. Nc2 O-O 14. Bd3
Rb8 15. b3 Kh8 16. O-O a5 17. Re1 Qg6 18. Re3 Qe6 19. Rg3 g6 20. Qd2 f5 21.
exf5 gxf5 22. Qg5 Qf7 23. f4 Be6 24. Be2 Rg8 25. Qh4 Rxg3 26. Qxg3 d5 27. fxe5
Rg8 28. Qf4 Qg7 29. g3 Nxe5 30. Nd4 Ng6 31. Qf2 dxc4 32. Rd1 Nf4 33. Qxf4 cxb3
34. Nxe6 1-0

[Event "SR 2. liga A 2015/2016"]
[Site "?"]
[Date "2016.03.13"]
[Round "11.3"]
[White "Szekely, Stefan"]
[Black "Planka, Peter"]
[Result "0-1"]
[WhiteElo "1842"]
[BlackElo "1748"]
[PlyCount "54"]
[EventDate "2015.??.??"]

1. c4 e5 2. Nc3 Nf6 3. d3 Be7 4. Nf3 d6 5. g3 O-O 6. Bg2 c6 7. O-O h6 8. c5 Be6
9. cxd6 Bxd6 10. Nd2 Qc8 11. Nce4 Nxe4 12. Nxe4 Be7 13. f4 exf4 14. Bxf4 Qd7
15. Be3 Na6 16. a3 Bd5 17. b4 Qe6 18. Bf2 f5 19. Nd2 Bxg2 20. Kxg2 c5 21. bxc5
Nxc5 22. Bxc5 Bxc5 23. Qb3 Rae8 24. e4 fxe4 25. Qxe6+ Rxe6 26. Rxf8+ Bxf8 27.
Nxe4 Ra6 0-1

[Event "SR 2. liga A 2015/2016"]
[Site "?"]
[Date "2016.03.13"]
[Round "11.4"]
[White "Kavon, Rastislav"]
[Black "Cech, Dominik"]
[Result "1-0"]
[WhiteElo "2203"]
[BlackElo "2150"]
[PlyCount "65"]
[EventDate "2015.??.??"]

1. e4 c5 2. Nf3 e6 3. d4 cxd4 4. Nxd4 Nc6 5. Nc3 Qc7 6. Be3 a6 7. Qd2 Nf6 8.
O-O-O Be7 9. f3 h5 10. Bf2 d6 11. Rg1 Ne5 12. h3 h4 13. f4 Nc4 14. Qe1 b5 15.
Bxh4 Nxe4 16. Bxe7 Nxc3 17. Qxc3 Qxe7 18. b3 Bb7 19. bxc4 Rc8 20. Nf3 O-O 21.
Qd4 d5 22. c5 Rxc5 23. Bd3 Rfc8 24. Kd2 Qc7 25. Ke2 f6 26. Kf2 Qb6 27. Rge1 a5
28. Kg1 b4 29. Qe3 Re8 30. Bg6 Re7 31. Nd4 e5 32. Qf2 Rc4 33. Qh4 1-0

[Event "SR 2. liga A 2015/2016"]
[Site "?"]
[Date "2016.03.13"]
[Round "11.4"]
[White "Bednar, Jan"]
[Black "Bango, Lukas"]
[Result "0-1"]
[WhiteElo "2087"]
[BlackElo "2031"]
[PlyCount "90"]
[EventDate "2015.??.??"]

1. d4 Nf6 2. c4 e5 3. dxe5 Ng4 4. e3 Nxe5 5. Nh3 Bb4+ 6. Bd2 a5 7. Be2 d6 8.
Nf4 Nbc6 9. a3 Bxd2+ 10. Qxd2 Bf5 11. Nc3 Qd7 12. Nfd5 Nb8 13. Nb5 Na6 14. Qxa5
O-O 15. Nbxc7 Bd3 16. Nxa8 Bxe2 17. Qd2 Bf3 18. Rg1 Qg4 19. Qd4 Rxa8 20. Qxg4
Bxg4 21. f3 Be6 22. Nb6 Ra7 23. Kf2 Nd3+ 24. Kg3 Nxb2 25. Rac1 Nc5 26. Rc3 Kf8
27. Rb1 Nba4 28. Nxa4 Rxa4 29. Rb4 Ke7 30. e4 Rxb4 31. axb4 Na6 32. Kf4 Kd7 33.
b5 Nc5 34. e5 dxe5+ 35. Kxe5 Na4 36. Rc2 Nc5 37. Kd4 Kd6 38. Rc3 b6 39. Ra3 h5
40. Ra8 Nb3+ 41. Kc3 Na5 42. Rd8+ Kc5 43. g4 hxg4 44. fxg4 Nxc4 45. g5 Nd6 0-1

[Event "SR 2. liga A 2015/2016"]
[Site "?"]
[Date "2016.03.13"]
[Round "11.4"]
[White "Jakubec, Milan"]
[Black "Petrik, Stanislav"]
[Result "1/2-1/2"]
[WhiteElo "2051"]
[BlackElo "2122"]
[PlyCount "139"]
[EventDate "2015.??.??"]

1. e4 c5 2. Nf3 Nc6 3. d4 cxd4 4. Nxd4 g6 5. c4 Bg7 6. Be3 Nf6 7. Nc3 O-O 8.
Be2 b6 9. O-O Bb7 10. f3 Rc8 11. Qd2 d6 12. b3 Re8 13. Nxc6 Bxc6 14. Rac1 e6
15. Rfd1 d5 16. cxd5 exd5 17. Ba6 Ra8 18. exd5 Nxd5 19. Nxd5 Qxd5 20. Qxd5 Bxd5
21. Kf2 Be6 22. Bc4 Bxc4 23. Rxc4 Re7 24. Re1 Rae8 25. Bd2 Rxe1 26. Bxe1 Be5
27. Re4 f5 28. Re2 Kf7 29. g3 Bd4+ 30. Kf1 Rxe2 31. Kxe2 Ke6 32. g4 Bg1 33. h3
Ke5 34. Bd2 Kd4 35. Be1 Bh2 36. Bd2 Bg3 37. a4 fxg4 38. fxg4 Bc7 39. Be1 Ke4
40. Bd2 Kd4 41. Be1 Bd8 42. Bd2 a6 43. Be1 b5 44. axb5 axb5 45. Bb4 Bg5 46. Ba5
Ke4 47. Bb6 h6 48. Bc5 Bc1 49. Bb6 Bb2 50. Be3 h5 51. gxh5 gxh5 52. Bh6 Bc3 53.
Bc1 Bb4 54. Bh6 Bc3 55. Be3 Be5 56. Bc1 Bg3 57. Be3 Bd6 58. Bg1 Be7 59. Be3 Bf6
60. Bc1 Bd4 61. Bh6 Bg1 62. Bc1 Bh2 63. Be3 Bf4 64. Bb6 Bg5 65. Ba7 Bc1 66. Bb6
Ba3 67. Be3 Be7 68. Bb6 Bf8 69. Be3 Bg7 70. Bb6 1/2-1/2

[Event "SR 2. liga A 2015/2016"]
[Site "?"]
[Date "2016.03.13"]
[Round "11.4"]
[White "Polacik, Igor"]
[Black "Horecky, Peter"]
[Result "1-0"]
[WhiteElo "2152"]
[BlackElo "2039"]
[PlyCount "85"]
[EventDate "2015.??.??"]

1. e4 Nf6 2. Nc3 d5 3. exd5 Nxd5 4. Bc4 c6 5. d4 Bf5 6. Nf3 e6 7. Ne2 Nd7 8.
Ng3 Bg6 9. c3 Bd6 10. O-O h5 11. Re1 Qc7 12. Bf1 O-O-O 13. Ne4 Bf4 14. c4 Bxe4
15. Rxe4 Bxc1 16. Rxc1 N5f6 17. Re3 Ng4 18. Ra3 e5 19. g3 exd4 20. Qxd4 Nb6 21.
Qxg7 Rdg8 22. Qd4 h4 23. Bh3 hxg3 24. Bxg4+ f5 25. Bxf5+ Kb8 26. fxg3 Rd8 27.
Qe5 Qxe5 28. Nxe5 Rd2 29. Nf3 Rxb2 30. h4 Rd8 31. Rd3 Rf8 32. g4 Rxa2 33. h5
Nc8 34. Ne5 Re8 35. Re1 Kc7 36. Bxc8 Kxc8 37. Nf3 Rf8 38. g5 Rf4 39. Re8+ Kc7
40. Re7+ Kc8 41. h6 Rg4+ 42. Kf1 Rgg2 43. h7 1-0

[Event "SR 2. liga A 2015/2016"]
[Site "?"]
[Date "2016.03.13"]
[Round "11.4"]
[White "Kozinka, Roman"]
[Black "Nemsak, Denis"]
[Result "1/2-1/2"]
[WhiteElo "1976"]
[BlackElo "2095"]
[PlyCount "83"]
[EventDate "2015.??.??"]

1. c4 e5 2. Nc3 Nc6 3. Nf3 f5 4. d3 Nf6 5. e3 Bb4 6. Bd2 O-O 7. Be2 d6 8. a3
Bxc3 9. Bxc3 Qe7 10. O-O Bd7 11. b4 Rae8 12. Qc2 h6 13. Rae1 g5 14. Nd2 g4 15.
b5 Nd8 16. f4 exf4 17. exf4 Qf7 18. Bb2 Ne6 19. Qc3 Nc5 20. Bd1 Kg7 21. Bc2 Kg6
22. d4 Nce4 23. Nxe4 Nxe4 24. Bxe4 Rxe4 25. Rxe4 fxe4 26. d5 Bf5 27. Kf2 Qe7
28. Ke3 Rf7 29. Qh8 Rf8 30. Qd4 b6 31. Bc3 Rf7 32. Qh8 Rf8 33. Qd4 Rf7 34. a4
h5 35. g3 Rh7 36. Ra1 h4 37. a5 hxg3 38. hxg3 Rh3 39. Rg1 Qf8 40. axb6 axb6 41.
Bb2 Qe7 42. Bc3 1/2-1/2

[Event "SR 2. liga A 2015/2016"]
[Site "?"]
[Date "2016.03.13"]
[Round "11.4"]
[White "Petrik, Karol"]
[Black "Lopatievov, Alexander"]
[Result "1-0"]
[WhiteElo "2108"]
[BlackElo "1867"]
[PlyCount "61"]
[EventDate "2015.??.??"]

1. e4 c6 2. Nf3 d5 3. exd5 cxd5 4. Ne5 Nf6 5. d4 Nc6 6. c4 e6 7. Nc3 dxc4 8.
Nxc6 bxc6 9. Bxc4 Be7 10. O-O O-O 11. Re1 Nd5 12. Bb3 Bf6 13. Ne4 Be7 14. Bc2
Nf6 15. Qd3 g6 16. Bh6 Re8 17. Rad1 Ng4 18. Bf4 Qa5 19. Bb3 Bb4 20. Nc3 Bb7 21.
Qg3 Nf6 22. Be5 Be7 23. Qf3 Nd5 24. Ne4 Qd8 25. h4 f5 26. Nc5 Bxc5 27. dxc5
Qxh4 28. Rd4 Qg5 29. Qe2 Rad8 30. f4 Rd7 31. fxg5 1-0

[Event "SR 2. liga A 2015/2016"]
[Site "?"]
[Date "2016.03.13"]
[Round "11.4"]
[White "Capanda, Jan"]
[Black "Krajnak, Robert"]
[Result "1/2-1/2"]
[WhiteElo "1834"]
[BlackElo "2111"]
[PlyCount "112"]
[EventDate "2015.??.??"]

1. e4 c5 2. b3 e6 3. Bb2 Nf6 4. e5 Nd5 5. c4 Ne7 6. g3 Nbc6 7. Bg2 Ng6 8. Nf3
Be7 9. O-O O-O 10. Re1 Qc7 11. Na3 a6 12. Nc2 Rb8 13. d4 cxd4 14. Ncxd4 Nxd4
15. Qxd4 b5 16. Rac1 b4 17. h4 Bc5 18. Qd3 Bb7 19. h5 Ne7 20. Ng5 g6 21. Ne4
Bxe4 22. Bxe4 Nf5 23. Kg2 Qb6 24. Rc2 d6 25. Rh1 dxe5 26. Bxe5 Rbd8 27. Qf3 Bd4
28. c5 Qa7 29. Bxf5 Bxe5 30. Be4 Qc7 31. Bb7 a5 32. c6 Rd5 33. Qg4 Bg7 34. hxg6
hxg6 35. Rd1 Rxd1 36. Qxd1 Bc3 37. Qd7 Qb6 38. Re2 Rd8 39. Qe7 Bg7 40. Kh2 Bf8
41. Qg5 Qc7 42. Rc2 Rd5 43. Qe3 Bd6 44. Rd2 Rxd2 45. Qxd2 Kg7 46. Qd4+ Kg8 47.
Qe4 Kg7 48. Ba6 Qb6 49. Kg2 f5 50. Qc4 Qc7 51. Qb5 Kf6 52. Qb7 g5 53. Qc8 Qxc8
54. Bxc8 g4 55. Kf1 Ke5 56. Ke2 Bc7 1/2-1/2

[Event "SR 2. liga A 2015/2016"]
[Site "?"]
[Date "2016.03.13"]
[Round "11.4"]
[White "Orosi, Peter"]
[Black "Mackovic, Miroslav"]
[Result "1-0"]
[WhiteElo "2071"]
[BlackElo "1864"]
[PlyCount "123"]
[EventDate "2015.??.??"]

1. e4 c5 2. c3 d5 3. exd5 Qxd5 4. d4 e6 5. Nf3 cxd4 6. cxd4 Nf6 7. Nc3 Qd8 8.
Bc4 Be7 9. O-O O-O 10. Bf4 a6 11. d5 exd5 12. Nxd5 Nxd5 13. Bxd5 Bf6 14. Qb3
Nc6 15. Rfd1 Qa5 16. Bd6 Be7 17. Ne5 Nxe5 18. Bxe7 Bg4 19. Re1 Nc6 20. Bxf8
Rxf8 21. Qxb7 Qxd5 22. Rac1 Bf3 23. gxf3 Qg5+ 24. Kh1 Nd4 25. Qe4 Ne6 26. Qe5
Qd2 27. Qe2 Qd5 28. Red1 Qb7 29. Rc4 Ng5 30. Kg2 Qb5 31. b3 Ne6 32. Qe4 Re8 33.
Rd5 Nf4+ 34. Qxf4 Qxd5 35. Re4 Qd8 36. Qd6 Qg5+ 37. Rg4 Qe7 38. Qxe7 Rxe7 39.
Rc4 g6 40. Rc6 Ra7 41. Rb6 Kf8 42. b4 Ke7 43. f4 f5 44. h4 Kf7 45. a4 Kg7 46.
h5 Kh6 47. hxg6 hxg6 48. Kf3 Kg7 49. Kg3 Ra8 50. f3 Kf7 51. Kf2 Ra7 52. a5 Kg7
53. Ke3 Kf7 54. Kd4 Kg7 55. Kc5 Ra8 56. Kc6 Rc8+ 57. Kb7 Rc4 58. Kxa6 Rxf4 59.
Kb7 Rxf3 60. a6 Ra3 61. a7 f4 62. Ra6 1-0

[Event "SR 2. liga A 2015/2016"]
[Site "?"]
[Date "2016.03.13"]
[Round "11.5"]
[White "Drtina, Milan"]
[Black "Rohacek, Miroslav"]
[Result "0-1"]
[WhiteElo "2183"]
[BlackElo "2329"]
[PlyCount "44"]
[EventDate "2015.??.??"]

1. e4 c5 2. c4 Nc6 3. Ne2 Nf6 4. Nbc3 e6 5. Nf4 a6 6. g3 h5 7. h4 g6 8. Bg2 Bg7
9. d3 d6 10. O-O O-O 11. Nfe2 Ng4 12. f3 Nge5 13. Be3 b5 14. cxb5 axb5 15. Nxb5
Ba6 16. Nec3 Rb8 17. a4 Nb4 18. d4 Nc4 19. Bg5 Qb6 20. Qe2 cxd4 21. Qxc4 dxc3+
22. Kh1 cxb2 0-1

[Event "SR 2. liga A 2015/2016"]
[Site "?"]
[Date "2016.03.13"]
[Round "11.5"]
[White "Karas, Marek"]
[Black "Puskar, Peter"]
[Result "1/2-1/2"]
[WhiteElo "2229"]
[BlackElo "2238"]
[PlyCount "51"]
[EventDate "2015.??.??"]

1. d4 Nf6 2. Nf3 e6 3. c4 b6 4. g3 Bb7 5. Bg2 Be7 6. O-O O-O 7. d5 exd5 8. Nh4
c6 9. cxd5 Nxd5 10. Nf5 Nc7 11. e4 Nba6 12. Nc3 Ne6 13. Qg4 Nac7 14. Be3 d6 15.
Rad1 Ne8 16. Nh6+ Kh8 17. Nxf7+ Rxf7 18. Qxe6 Rf8 19. Qc4 a5 20. Rfe1 b5 21.
Qd3 a4 22. Qc2 Qa5 23. f4 Nc7 24. e5 d5 25. Qf2 Na6 26. a3 1/2-1/2

[Event "SR 2. liga A 2015/2016"]
[Site "?"]
[Date "2016.03.13"]
[Round "11.5"]
[White "Nicolini, Alexander"]
[Black "Sahidi, Samir"]
[Result "1/2-1/2"]
[WhiteElo "2163"]
[BlackElo "2202"]
[PlyCount "166"]
[EventDate "2015.??.??"]

1. e4 c5 2. Nc3 Nc6 3. f4 e6 4. Nf3 d5 5. e5 h5 6. g3 b6 7. Bg2 Bb7 8. O-O Qd7
9. d4 Nxd4 10. Nxd4 cxd4 11. Ne2 Ba6 12. Rf2 Bxe2 13. Qxe2 Ne7 14. Qd3 Nc6 15.
a3 a5 16. Bd2 g6 17. Re1 Bc5 18. Bf1 a4 19. h3 Na5 20. Bxa5 Rxa5 21. Kg2 Qa7
22. Rf3 Kd7 23. g4 hxg4 24. hxg4 Qb8 25. Rg3 Qd8 26. Rh3 Kc6 27. Qf3 Ra8 28.
Bd3 b5 29. Reh1 Rxh3 30. Rxh3 Qa5 31. Qf2 b4 32. Rh7 Ra7 33. f5 gxf5 34. gxf5
bxa3 35. bxa3 Qd8 36. fxe6 Qg5+ 37. Kh3 fxe6 38. Rxa7 Qh5+ 39. Kg2 Bxa7 40. Qf6
Qg4+ 41. Kf2 Bc5 42. Qh8 Qf4+ 43. Kg2 Qf8 44. Qh7 Qe7 45. Qh8 Kb7 46. Bb5 Qg5+
47. Kf3 Qf5+ 48. Kg3 Qxc2 49. Qe8 Bb6 50. Bxa4 Qd3+ 51. Kg2 Qe4+ 52. Kh3 Qf5+
53. Kh4 Bc7 54. Qb5+ Ka7 55. Qc5+ Bb6 56. Qe7+ Ka6 57. Qd7 Qxe5 58. Qc8+ Ka7
59. Bc6 Qf6+ 60. Kg4 Qg7+ 61. Kh3 Qh7+ 62. Kg4 Qe4+ 63. Kg3 Qe3+ 64. Kg2 Qg5+
65. Kf3 Qh5+ 66. Kg3 Qe5+ 67. Kf3 Qf5+ 68. Kg3 Qd3+ 69. Kg2 Qe4+ 70. Kg3 Qe1+
71. Kg2 Qd2+ 72. Kf3 Qd1+ 73. Kg2 Qg4+ 74. Kh2 Qe2+ 75. Kg3 Qe5+ 76. Kf3 Qb8
77. Qxe6 Qf8+ 78. Kg4 Qg7+ 79. Kf3 Qf8+ 80. Kg4 Qg7+ 81. Kf3 Qf8+ 82. Kg4 Qg7+
83. Kf3 Qf8+ 1/2-1/2

[Event "SR 2. liga A 2015/2016"]
[Site "?"]
[Date "2016.03.13"]
[Round "11.5"]
[White "Kralovic, Andrej"]
[Black "Puchart, Vladimir"]
[Result "1/2-1/2"]
[WhiteElo "2220"]
[BlackElo "2032"]
[PlyCount "136"]
[EventDate "2015.??.??"]

1. e4 c5 2. Nf3 d6 3. Bb5+ Bd7 4. Bxd7+ Qxd7 5. c4 g6 6. d4 cxd4 7. Nxd4 Bg7 8.
Nc3 a6 9. O-O Nf6 10. a4 Nc6 11. Nde2 O-O 12. f3 Rfc8 13. Bg5 Qd8 14. Kh1 Ne5
15. b3 Ned7 16. Rb1 Rc5 17. Qd2 Rac8 18. Be3 R5c7 19. Rfd1 Qf8 20. Nf4 Rc6 21.
a5 b5 22. axb6 Nxb6 23. Na2 Nbd7 24. Nb4 R6c7 25. Nxa6 Rb7 26. Nb4 Nc5 27. Nfd3
Nfd7 28. Bxc5 Nxc5 29. Nxc5 dxc5 30. Nd5 Ra8 31. Nc3 Qb8 32. Nb5 Rb6 33. Qd5
Rba6 34. Qxc5 Ra2 35. Nc7 R2a5 36. Qc6 R8a7 37. Nb5 Ra8 38. Qd7 Qf4 39. Qd2 Qh4
40. g3 Qh5 41. Qe2 Ra2 42. Rd2 Rxd2 43. Qxd2 Qxf3+ 44. Qg2 Qd3 45. Rf1 Qxb3 46.
Nc7 Ra2 47. Qf3 Qxf3+ 48. Rxf3 Rc2 49. Nd5 e6 50. Ne7+ Kf8 51. Nc8 Rxc4 52.
Rxf7+ Kg8 53. Nd6 Rd4 54. Rd7 Bf8 55. Ne8 Rxd7 56. Nf6+ Kf7 57. Nxd7 Ba3 58.
Ne5+ Kf6 59. Nc4 Bc1 60. Kg2 h5 61. Kf3 Bh6 62. h3 Bc1 63. Na5 Bb2 64. Nc4 Bd4
65. Nd2 Bb2 66. Nb3 Bc3 67. Nc5 Bd4 68. Nd3 Bc3 1/2-1/2